000 00486nam a2200157 i 4500
001 78681
003 ES-MaACL
005 20230906173801.0
007 t|
008 041015s1931 fr ||||1| fre d
100 1 _aHavre, Horace.
_962157
245 1 3 _aLa terre est un astre pulsatile
_b: explication de certains phénomènes géologiques et astronomiques.
260 _aParis :
_b[s.n.,
_c1931] (
_eMesnil :
_fFirmin Didot)
300 _a80 p. ;
_c19 cm.
852 _aES-MaACL
_j1789-F-8
999 _c78681
_d78681